Report of the Committee of the Whole on the Proposed Formula for the Distribution of The District Assemblies Command Fund for 2024 (Record no. 4505)

MARC details
000 -LEADER
fixed length control field 00609nam a22001697a 4500
003 - CONTROL NUMBER IDENTIFIER
control field OSt
005 - DATE AND TIME OF LATEST TRANSACTION
control field 20241105122030.0
008 - FIXED-LENGTH DATA ELEMENTS--GENERAL INFORMATION
fixed length control field 240918b |||||||| |||| 00| 0 eng d
041 ## - LANGUAGE CODE
Language code of text/sound track or separate title English
082 ## - DEWEY DECIMAL CLASSIFICATION NUMBER
Classification number CR/DACF/24 Acc No: 9887
110 ## - MAIN ENTRY--CORPORATE NAME
Corporate name or jurisdiction name as entry element Parliament of Ghana
245 ## - TITLE STATEMENT
Title Report of the Committee of the Whole on the Proposed Formula for the Distribution of The District Assemblies Command Fund for 2024
260 ## - PUBLICATION, DISTRIBUTION, ETC.
Place of publication, distribution, etc. Accra;
Name of publisher, distributor, etc. Parliament of Ghana,
Date of publication, distribution, etc. 2024.
300 ## - PHYSICAL DESCRIPTION
Extent 11p;tabs
653 ## - INDEX TERM--UNCONTROLLED
Uncontrolled term 1. Proposed Formula for the Distribution of The District Assemblies Command Fund for 2024
942 ## - ADDED ENTRY ELEMENTS (KOHA)
Source of classification or shelving scheme Dewey Decimal Classification
Koha item type Committee Reports
Suppress in OPAC No
Holdings
Withdrawn status Lost status Source of classification or shelving scheme Damaged status Not for loan Home library Current library Shelving location Date acquired Total checkouts Full call number Date last seen Copy number Price effective from Koha item type
    Dewey Decimal Classification     Main Library Main Library Open Shelves 05/11/2024   CR/DACF/24 Acc No: 9887 05/11/2024 1 05/11/2024 Committee Reports
©2026  Parliament of Ghana Library - All rights reserved